LEADER 01744nam 2200517 450 001 9910480777503321 005 20200817172514.0 010 $a1-4704-5654-0 035 $a(CKB)4100000011040218 035 $a(MiAaPQ)EBC6176753 035 $a(PPN)249710714 035 $a(EXLCZ)994100000011040218 100 $a20200817d2020 uy 0 101 0 $aeng 135 $aurcnu|||||||| 181 $ctxt$2rdacontent 182 $cc$2rdamedia 183 $acr$2rdacarrier 200 10$aQuasi-periodic standing wave solutions of gravity-capillary water waves /$fMassimiliano Berti, Riccardo Montalto 210 1$aProvidence, Rhode Island :$cAmerican Mathematical Society,$d2020. 215 $a1 online resource (184 pages) 225 1 $aMemoirs of the American Mathematical Society ;$vVolume 263 311 $a1-4704-4069-5 320 $aIncludes bibliographical references. 410 0$aMemoirs of the American Mathematical Society ;$vVolume 263. 606 $aWater waves$xMathematical models 606 $aWave equation$xNumerical solutions 606 $aStanding waves 606 $aKolmogorov-Arnold-Moser theory 606 $aCapillarity 608 $aElectronic books. 615 0$aWater waves$xMathematical models. 615 0$aWave equation$xNumerical solutions. 615 0$aStanding waves. 615 0$aKolmogorov-Arnold-Moser theory. 615 0$aCapillarity. 676 $a532.0593 700 $aBerti$b Massimiliano$0309729 702 $aMontalto$b Riccardo 801 0$bMiAaPQ 801 1$bMiAaPQ 801 2$bMiAaPQ 906 $aBOOK 912 $a9910480777503321 996 $aQuasi-periodic standing wave solutions of gravity-capillary water waves$92097260 997 $aUNINA LEADER 02166nam 2200577 450 001 996466575103316 005 20220910211226.0 010 $a3-540-39061-8 024 7 $a10.1007/BFb0073066 035 $a(CKB)1000000000437719 035 $a(SSID)ssj0000326621 035 $a(PQKBManifestationID)12049822 035 $a(PQKBTitleCode)TC0000326621 035 $a(PQKBWorkID)10296557 035 $a(PQKB)10279393 035 $a(DE-He213)978-3-540-39061-9 035 $a(MiAaPQ)EBC5591226 035 $a(Au-PeEL)EBL5591226 035 $a(OCoLC)1066179482 035 $a(MiAaPQ)EBC6842378 035 $a(Au-PeEL)EBL6842378 035 $a(OCoLC)1292355734 035 $a(PPN)155197789 035 $a(EXLCZ)991000000000437719 100 $a20220910d1984 uy 0 101 0 $aeng 135 $aurnn|008mamaa 181 $ctxt 182 $cc 183 $acr 200 10$aSensitivity of functionals with applications to engineering sciences $eproceedings of a special session of the American mathematical society spring meeting held in New York City, May 1983 /$fV. Komkov 205 $a1st ed. 1984. 210 1$aBerlin, Heidelberg :$cSpringer-Verlag,$d[1984] 210 4$dİ1984 215 $a1 online resource (VIII, 132 p.) 225 1 $aLecture Notes Mathematics ;$vVolume 1086 300 $aBibliographic Level Mode of Issuance: Monograph 311 $a3-540-13871-4 327 $aSensitivity analysis in some engineering applications -- Shape optimization of elastic bars in torsion -- Optimal design formulations for finite element grid adaptation -- Sensitivity methods for mathematical modelling -- Uniqueness for gradient methods in engineering optimization -- Sensitivity analysis for non-selfadjoint problems. 410 0$aLecture notes mathematics ;$vVolume 1086. 606 $aFunctionals 615 0$aFunctionals. 676 $a515.7 700 $aKomkov$b Vadim$056546 801 0$bMiAaPQ 801 1$bMiAaPQ 801 2$bMiAaPQ 906 $aBOOK 912 $a996466575103316 996 $aSensitivity of functionals with applications to engineering sciences$92910248 997 $aUNISA